[Event "BL 1516 USV TU Dresden - Schachfr. Berl"]
[Site "?"]
[Date "2016.04.22"]
[Round "7.6"]
[White "Tischbierek, Raj"]
[Black "Jakubowski, Krzysztof"]
[Result "0-1"]
[WhiteElo "2442"]
[BlackElo "2573"]
[PlyCount "80"]
[EventDate "2016.??.??"]

1. e4 c5 2. Nf3 e6 3. d4 cxd4 4. Nxd4 Nc6 5. Nc3 Qc7 6. Be2 a6 7. O-O Nf6 8. a4
Be7 9. Be3 Na5 10. f4 d6 11. g4 Nc4 12. Bxc4 Qxc4 13. g5 Nd7 14. a5 g6 15. Qd2
Qc7 16. Qf2 Rb8 17. h4 b5 18. axb6 Nxb6 19. f5 gxf5 20. exf5 e5 21. f6 Bd8 22.
Nf5 Bxf5 23. Qxf5 Nc4 24. Bf2 Rxb2 25. Rxa6 O-O 26. Nd5 Qb8 27. Qg4 Nd2 28. Rd1
Rb1 29. Ra1 Rxa1 30. Rxa1 Qb2 31. Rd1 Qxc2 32. Qe2 Ba5 33. Be3 Qe4 34. Rxd2
Bxd2 35. Qxd2 Ra8 36. Bf2 Ra1+ 37. Kh2 Rh1+ 38. Kg3 Qxh4+ 39. Kf3 Rh3+ 40. Ke2
Qg4+ 0-1

[Event "BL 1516 USV TU Dresden - Schachfr. Berl"]
[Site "?"]
[Date "2016.04.22"]
[Round "7.7"]
[White "Sprenger, Jan Michael"]
[Black "Vogel, Roven"]
[Result "1-0"]
[WhiteElo "2506"]
[BlackElo "2423"]
[PlyCount "49"]
[EventDate "2016.??.??"]

1. e4 c5 2. Nf3 e6 3. d4 cxd4 4. Nxd4 Nc6 5. Nc3 Qc7 6. g3 Nf6 7. Bg2 a6 8. O-O
Nxd4 9. Qxd4 Bc5 10. Bf4 d6 11. Qd2 h6 12. Rad1 e5 13. Be3 Be6 14. Bxc5 dxc5
15. Nd5 Bxd5 16. exd5 Qd6 17. f4 O-O 18. fxe5 Qxe5 19. c4 Qd6 20. Qf4 Rad8 21.
b4 Qb6 22. bxc5 Qxc5+ 23. Qd4 Rc8 24. d6 b5 25. Rxf6 1-0

[Event "BL 1516 USV TU Dresden - Schachfr. Berl"]
[Site "?"]
[Date "2016.04.22"]
[Round "7.8"]
[White "Moehn, Hans"]
[Black "Baldauf, Marco"]
[Result "1/2-1/2"]
[WhiteElo "2412"]
[BlackElo "2413"]
[PlyCount "59"]
[EventDate "2016.??.??"]

1. Nf3 Nf6 2. g3 g6 3. Bg2 Bg7 4. O-O O-O 5. c4 c5 6. Nc3 d5 7. cxd5 Nxd5 8.
Nxd5 Qxd5 9. d3 Nc6 10. Be3 Bd7 11. d4 cxd4 12. Nxd4 Qc4 13. Bxc6 Bxc6 14. Qb3
Qa6 15. Nxc6 bxc6 16. Rac1 Rfb8 17. Qc4 Qxc4 18. Rxc4 Rxb2 19. a4 a5 20. Rxc6
Rb4 21. Rfc1 f5 22. R1c4 Rd8 23. Rxb4 axb4 24. Rb6 Bc3 25. a5 Rd1+ 26. Kg2 Ra1
27. a6 Kf7 28. Bc5 Ra5 29. Bxb4 Bxb4 30. Rxb4 1/2-1/2

[Event "BL 1516 SV Mülheim Nord - Hansa Dortmu"]
[Site "?"]
[Date "2016.04.22"]
[Round "7.1"]
[White "Donchenko, Alexander"]
[Black "Motylev, Alexander"]
[Result "0-1"]
[WhiteElo "2573"]
[BlackElo "2652"]
[PlyCount "84"]
[EventDate "2016.??.??"]

1. d4 d5 2. c4 c6 3. Nf3 Nf6 4. Qc2 g6 5. cxd5 cxd5 6. Nc3 Bg7 7. Bf4 Nc6 8. e3
O-O 9. Be2 Ne4 10. O-O Bf5 11. Nxe4 dxe4 12. Nh4 Be6 13. Qxe4 Bd5 14. Qd3 e5
15. dxe5 Nxe5 16. Qd1 Nc4 17. b3 Nb6 18. Nf3 Bxa1 19. Qxa1 f6 20. Rd1 Qe7 21.
Rxd5 Nxd5 22. Bc4 Rad8 23. Bh6 Rf7 24. h4 Nb6 25. Bxf7+ Kxf7 26. Qe1 Nd5 27. e4
Nb4 28. Qe3 Nc6 29. Bf4 Kg8 30. Kh2 Re8 31. e5 fxe5 32. Bg5 Qd6 33. Qe4 Nd4 34.
Nd2 b5 35. Qb7 e4+ 36. g3 Qc6 37. Qxa7 Nf5 38. a4 e3 39. Bxe3 Nxe3 40. fxe3 Qd5
41. Nf1 Qf3 42. Kg1 Rf8 0-1

[Event "BL 1516 SV Mülheim Nord - Hansa Dortmu"]
[Site "?"]
[Date "2016.04.22"]
[Round "7.2"]
[White "Landa, Konstantin"]
[Black "Berg, Emanuel"]
[Result "0-1"]
[WhiteElo "2618"]
[BlackElo "2575"]
[PlyCount "60"]
[EventDate "2016.??.??"]

1. d4 Nf6 2. c4 g6 3. Nc3 Bg7 4. e4 d6 5. Nf3 O-O 6. Be2 e5 7. O-O Nc6 8. d5
Ne7 9. b4 a5 10. Ba3 axb4 11. Bxb4 Re8 12. c5 dxc5 13. Bxc5 c6 14. dxc6 Qa5 15.
Bxe7 Rxe7 16. Qb3 bxc6 17. Nd2 Nd7 18. Nc4 Qa7 19. Rfb1 Bf8 20. Nd6 Ba6 21. Bc4
Bxc4 22. Qxc4 Nc5 23. Qe2 Ne6 24. Nc4 Qd4 25. Rc1 Nf4 26. Qf1 Nd3 27. Rd1 Rd8
28. Nb2 Qxc3 29. Nxd3 Red7 30. Rac1 Rxd3 0-1

[Event "BL 1516 SV Mülheim Nord - Hansa Dortmu"]
[Site "?"]
[Date "2016.04.22"]
[Round "7.3"]
[White "Heberla, Bartlomiej"]
[Black "Berelowitsch, Alexander"]
[Result "1-0"]
[WhiteElo "2532"]
[BlackElo "2518"]
[PlyCount "121"]
[EventDate "2016.??.??"]

1. c4 e6 2. Nc3 d5 3. d4 c5 4. cxd5 exd5 5. Nf3 Nc6 6. g3 Nf6 7. Bg2 Be7 8. O-O
O-O 9. dxc5 Bxc5 10. Bg5 d4 11. Bxf6 Qxf6 12. Nd5 Qd8 13. Nd2 Re8 14. Rc1 Bb6
15. Nc4 Bg4 16. Re1 Bc5 17. a3 a6 18. b4 Ba7 19. Qd2 Rc8 20. a4 Be6 21. Nf4
Bxc4 22. Rxc4 Ne5 23. Rxc8 Qxc8 24. Rc1 Qd7 25. a5 d3 26. exd3 Ng4 27. Bh3 g6
28. Qa2 h5 29. Bxg4 hxg4 30. Qc4 g5 31. Nd5 Qf5 32. d4 Kg7 33. Ne3 Qf3 34. Rc3
Re6 35. b5 axb5 36. Qxb5 Kg6 37. Qd7 Re4 38. Qd6+ Kh7 39. Rd3 Re6 40. Qd7 Rc6
41. Rd1 Re6 42. Rd3 Rc6 43. Qf5+ Qxf5 44. Nxf5 Ra6 45. h3 gxh3 46. g4 Rxa5 47.
Rxh3+ Kg8 48. Rd3 b5 49. d5 Ra2 50. d6 Rxf2 51. Kh1 Bb6 52. d7 b4 53. Ne7+ Kh7
54. Nd5 Bd8 55. Nxb4 f5 56. Nc6 Bc7 57. Nd4 fxg4 58. Ne6 Bb6 59. Rd6 Rf1+ 60.
Kh2 Ba5 61. Ra6 1-0

[Event "BL 1516 SV Mülheim Nord - Hansa Dortmu"]
[Site "?"]
[Date "2016.04.22"]
[Round "7.4"]
[White "Levin, Felix"]
[Black "Mons, Léon"]
[Result "1/2-1/2"]
[WhiteElo "2506"]
[BlackElo "2461"]
[PlyCount "40"]
[EventDate "2016.??.??"]

1. d4 d5 2. c4 e6 3. Nf3 Nf6 4. e3 b6 5. Nc3 Bb7 6. cxd5 exd5 7. Bb5+ c6 8. Bd3
Nbd7 9. O-O Bd6 10. e4 dxe4 11. Nxe4 Nxe4 12. Bxe4 O-O 13. Bg5 Qc7 14. Rc1 h6
15. Bh4 Bf4 16. Rc3 c5 17. Re1 Rfe8 18. Bxb7 Qxb7 19. Bg3 Bxg3 20. hxg3 Qd5
1/2-1/2

[Event "BL 1516 SV Mülheim Nord - Hansa Dortmu"]
[Site "?"]
[Date "2016.04.22"]
[Round "7.5"]
[White "Zelbel, Patrick"]
[Black "Hausrath, Daniel"]
[Result "1/2-1/2"]
[WhiteElo "2437"]
[BlackElo "2501"]
[PlyCount "45"]
[EventDate "2016.??.??"]

1. e4 c5 2. c3 d5 3. exd5 Qxd5 4. Nf3 Nc6 5. Na3 Bf5 6. Be2 Nf6 7. O-O e6 8.
Nc4 Be7 9. Ne3 Qd7 10. Nxf5 exf5 11. Qa4 O-O 12. Bb5 Qc7 13. d3 Bd6 14. Re1 Ne5
15. Nxe5 Bxe5 16. Qh4 a6 17. Ba4 Ng4 18. Bd1 Bxh2+ 19. Kf1 Bf4 20. Bxg4 fxg4
21. Qxg4 Bxc1 22. Raxc1 Rad8 23. Re3 1/2-1/2

[Event "BL 1516 SV Mülheim Nord - Hansa Dortmu"]
[Site "?"]
[Date "2016.04.22"]
[Round "7.6"]
[White "Feygin, Michael"]
[Black "Pap, Misa"]
[Result "1-0"]
[WhiteElo "2471"]
[BlackElo "2480"]
[PlyCount "99"]
[EventDate "2016.??.??"]

1. e4 c5 2. c3 Nf6 3. e5 Nd5 4. Nf3 e6 5. d4 cxd4 6. cxd4 b6 7. Nc3 Nxc3 8.
bxc3 Qc7 9. Bd2 Ba6 10. Bxa6 Nxa6 11. Qa4 Nb8 12. O-O Be7 13. c4 O-O 14. d5 Qb7
15. Rad1 Na6 16. Bg5 Nc5 17. Qc2 f6 18. Bh4 Rae8 19. Rfe1 fxe5 20. Bxe7 Rxe7
21. Ng5 Rf5 22. Rxe5 g6 23. Nf3 Rxf3 24. gxf3 d6 25. Rg5 e5 26. Kh1 Rf7 27.
Rdg1 Kf8 28. R1g3 b5 29. R5g4 b4 30. h4 Rf6 31. h5 a5 32. hxg6 hxg6 33. Rxg6
Qh7+ 34. Kg1 Rxg6 35. Rxg6 e4 36. Rg3 Qf5 37. Qd2 Qf6 38. Rg4 Qa1+ 39. Kh2 Qh8+
40. Kg3 exf3 41. Qg5 Qe5+ 42. Qxe5 dxe5 43. Kxf3 a4 44. Ke3 a3 45. Rg1 b3 46.
axb3 Nxb3 47. Kd3 a2 48. Kc3 a1=Q+ 49. Rxa1 Nxa1 50. Kb2 1-0

[Event "BL 1516 SV Mülheim Nord - Hansa Dortmu"]
[Site "?"]
[Date "2016.04.22"]
[Round "7.7"]
[White "Kotter, Ralf"]
[Black "Saltaev, Mihail"]
[Result "1-0"]
[WhiteElo "2348"]
[BlackElo "2483"]
[PlyCount "177"]
[EventDate "2016.??.??"]

1. e4 c6 2. d4 d5 3. e5 Bf5 4. Nf3 e6 5. Be2 Ne7 6. O-O Nd7 7. Nbd2 Nc8 8. Nb3
Be7 9. Be3 O-O 10. h3 a5 11. a4 Ncb6 12. Nbd2 Qc7 13. Re1 Bg6 14. c3 c5 15.
dxc5 Nxc5 16. Bxc5 Bxc5 17. Nb3 Be7 18. Bd3 Bxd3 19. Qxd3 Qd7 20. Qd4 Nc4 21.
Nbd2 Rfc8 22. b3 Nxd2 23. Qxd2 b5 24. axb5 Qxb5 25. Nd4 Qb6 26. Ra4 Bc5 27. Re3
g6 28. Rf3 Ra7 29. h4 h5 30. Qf4 Bxd4 31. cxd4 Qc7 32. Kh2 Qe7 33. Kh3 Rb8 34.
g4 hxg4+ 35. Qxg4 Kg7 36. Ra1 Rh8 37. Rg1 Rh6 38. Rf6 Ra8 39. Qf3 Rah8 40. Rg4
Rh5 41. Kg3 Rb8 42. Kg2 Rf5 43. Rf4 Rxf4 44. Rxf4 Rh8 45. Qg3 Rh5 46. Rf6 Qc7
47. Qf4 Kg8 48. Qg3 Qc2 49. Rf4 Kf8 50. Qf3 Rh7 51. Qe3 Ke8 52. Rg4 Rh5 53. Rf4
g5 54. Rg4 gxh4 55. Kh2 Rf5 56. Rf4 Rxf4 57. Qxf4 Qxb3 58. Qf6 Qd3 59. Qh8+ Kd7
60. Qf8 Qxd4 61. Qxf7+ Kc6 62. Qxe6+ Kb5 63. Qd7+ Kb4 64. Qd6+ Qc5 65. Qf6 d4
66. e6 Qd6+ 67. f4 d3 68. Qe5 Qxe5 69. fxe5 d2 70. e7 d1=Q 71. e8=Q Qd4 72.
Qe7+ Kc4 73. Qe6+ Qd5 74. Qa6+ Qb5 75. Qe6+ Qd5 76. Qg4+ Kc5 77. Qe2 Qe6 78.
Qe1 Kb5 79. Qb1+ Kc6 80. Qc2+ Kb7 81. Qb2+ Qb6 82. Qg2+ Qc6 83. Qg7+ Kb6 84.
Qg1+ Qc5 85. Qb1+ Kc6 86. Qe4+ Qd5 87. Qg6+ Kc5 88. Qf6 Qd2+ 89. Kh3 {zeit} 1-0

[Event "BL 1516 SV Mülheim Nord - Hansa Dortmu"]
[Site "?"]
[Date "2016.04.22"]
[Round "7.8"]
[White "Dinstuhl, Volkmar"]
[Black "Karger, Frank"]
[Result "1-0"]
[WhiteElo "2404"]
[BlackElo "2276"]
[PlyCount "73"]
[EventDate "2016.??.??"]

1. d4 Nf6 2. c4 g6 3. Nc3 Bg7 4. e4 d6 5. f3 O-O 6. Nge2 Nc6 7. Bg5 a6 8. Qd2
Rb8 9. Rc1 Bd7 10. b3 b5 11. d5 Na5 12. cxb5 axb5 13. Nd4 Qe8 14. b4 Nc4 15.
Bxc4 bxc4 16. b5 e6 17. a4 Ra8 18. O-O Kh8 19. Rfe1 Bc8 20. dxe6 fxe6 21. e5
dxe5 22. Nc6 Bb7 23. Nxe5 Nd5 24. Bh6 Bxh6 25. Qxh6 Kg8 26. Nxd5 Bxd5 27. Nxc4
Rxa4 28. Ne3 Qd8 29. Nxd5 exd5 30. Qe3 Qd7 31. Qc5 Rf7 32. Red1 d4 33. Rc4 Ra5
34. Rcxd4 Qxb5 35. Qc3 Qe5 36. Re1 Ra3 37. Rd8+ 1-0

[Event "BL 1516 Bayern München - SG Solingen"]
[Site "?"]
[Date "2016.02.20"]
[Round "8.1"]
[White "Harikrishna, Pentala"]
[Black "Gabriel, Christian"]
[Result "1/2-1/2"]
[WhiteElo "2753"]
[BlackElo "2496"]
[PlyCount "168"]
[EventDate "2016.??.??"]

1. e4 e5 2. Nf3 Nc6 3. Bb5 a6 4. Ba4 Nf6 5. O-O Be7 6. Re1 b5 7. Bb3 d6 8. c3
O-O 9. h3 Nb8 10. d4 Nbd7 11. Nbd2 Bb7 12. Bc2 Re8 13. Nf1 Bf8 14. Ng3 g6 15.
b3 c6 16. Bg5 Qc7 17. Qd2 Bg7 18. Bh6 Bh8 19. b4 a5 20. a3 axb4 21. axb4 Rxa1
22. Rxa1 d5 23. Ng5 exd4 24. cxd4 dxe4 25. Bb3 Nd5 26. N5xe4 N7b6 27. Re1 Bc8
28. Rc1 Bd7 29. Nc5 Bc8 30. Nge4 Qe7 31. Bg5 Qf8 32. Bf4 Rd8 33. Be5 Qe7 34.
Bxh8 Kxh8 35. Re1 Kg7 36. Nc3 Qh4 37. Bxd5 Nxd5 38. Nxd5 Rxd5 39. Re4 Qf6 40.
Qe3 Qd6 41. g4 Qf6 42. Re8 Bd7 43. Re7 Bc8 44. Rc7 Qd8 45. Rxc6 Rxd4 46. Qe5+
Kg8 47. Ne4 Rxe4 48. Qxe4 Bb7 49. Rxg6+ hxg6 50. Qxb7 Qd3 51. Qb8+ Kh7 52. Qf4
Kg8 53. h4 Qe2 54. Kg2 Kg7 55. Qd4+ Kg8 56. Kg3 Kh7 57. Qd5 Kg7 58. h5 Qf1 59.
Qd4+ Kh7 60. hxg6+ Kxg6 61. Qe4+ Kg7 62. Qe5+ Kg6 63. Qf5+ Kg7 64. Qg5+ Kf8 65.
Qc5+ Kg8 66. Kf4 Qd3 67. Ke5 Qd7 68. f3 Qe6+ 69. Kd4 Qf6+ 70. Ke4 Qe6+ 71. Qe5
Qc4+ 72. Qd4 Qe6+ 73. Kf4 Qe2 74. Qe4 Qd2+ 75. Kg3 Qd6+ 76. f4 Qb6 77. Qe8+ Kg7
78. Qe5+ Kg8 79. f5 Qg1+ 80. Kh4 Qh1+ 81. Kg5 Qc1+ 82. Kf6 Qh6+ 83. Ke7 Qf8+
84. Kd7 Qxb4 1/2-1/2

[Event "BL 1516 Bayern München - SG Solingen"]
[Site "?"]
[Date "2016.02.20"]
[Round "8.2"]
[White "Fedorovsky, Michael"]
[Black "Rapport, Richard"]
[Result "1/2-1/2"]
[WhiteElo "2463"]
[BlackElo "2721"]
[PlyCount "81"]
[EventDate "2016.??.??"]

1. d4 f5 2. g3 Nf6 3. Bg2 g6 4. Nf3 Bg7 5. O-O O-O 6. Nbd2 Nc6 7. Re1 g5 8.
Nxg5 Nxd4 9. c3 Nc6 10. e4 h6 11. Nh3 fxe4 12. Nxe4 e5 13. f4 d6 14. fxe5 Nxe5
15. Nf4 Kh8 16. Nxf6 Qxf6 17. Rf1 c6 18. Nh5 Qg6 19. Nf4 Qf6 20. Nh5 Qe7 21.
Nxg7 Bg4 22. Rxf8+ Rxf8 23. Qd2 Rf6 24. h3 Qxg7 25. hxg4 Qxg4 26. Qe1 h5 27.
Be3 h4 28. Bd4 hxg3 29. Bxe5 dxe5 30. Qxe5 Qh4 31. Qe8+ Kg7 32. Qd7+ Kf8 33.
Qd8+ Kg7 34. Qd7+ Kf8 35. Qh3 Qf4 36. Rf1 Qe3+ 37. Kh1 Rxf1+ 38. Bxf1 Qf3+ 39.
Qg2 Qh5+ 40. Qh3 Qf3+ 41. Qg2 1/2-1/2

[Event "BL 1516 Bayern München - SG Solingen"]
[Site "?"]
[Date "2016.02.20"]
[Round "8.3"]
[White "Ragger, Markus"]
[Black "Mesaros, Florian"]
[Result "1-0"]
[WhiteElo "2682"]
[BlackElo "2290"]
[PlyCount "79"]
[EventDate "2016.??.??"]

1. d4 d5 2. c4 c6 3. Nf3 Nf6 4. e3 Bg4 5. h3 Bh5 6. g4 Bg6 7. Ne5 e6 8. Nd2
Nbd7 9. Nxg6 hxg6 10. Bg2 g5 11. O-O Be7 12. Re1 Nf8 13. Qb3 Qb6 14. e4 dxe4
15. Nxe4 Nxe4 16. Rxe4 Ng6 17. Be3 O-O 18. Qc2 Qa5 19. a3 c5 20. dxc5 Bxc5 21.
b4 Bxb4 22. c5 Bc3 23. Ra4 Qxa4 24. Qxa4 Bxa1 25. Bxb7 Rad8 26. Bxg5 Rd3 27.
Be4 Rd4 28. Qc2 Ne5 29. Qb1 Bc3 30. Be3 Ra4 31. Bh7+ Kh8 32. Qb3 Kxh7 33. Qxa4
f5 34. Qb3 Ba1 35. Qxe6 f4 36. Bc1 Bd4 37. c6 Nf3+ 38. Kf1 Be5 39. Qd5 Nh2+ 40.
Kg1 1-0

[Event "BL 1516 Bayern München - SG Solingen"]
[Site "?"]
[Date "2016.02.20"]
[Round "8.4"]
[White "Dragnev, Valentin"]
[Black "Van Kampen, Robin"]
[Result "0-1"]
[WhiteElo "2421"]
[BlackElo "2627"]
[PlyCount "52"]
[EventDate "2016.??.??"]

1. e4 c5 2. Nf3 d6 3. d4 Nf6 4. Nc3 cxd4 5. Nxd4 a6 6. Bc4 e6 7. Bb3 Be7 8. g4
h6 9. Be3 b5 10. f3 Qa5 11. Qd2 Nfd7 12. Bxe6 fxe6 13. Nxe6 Ne5 14. Nxg7+ Kf7
15. Qd5+ Kxg7 16. f4 Bh4+ 17. Kf1 Nec6 18. g5 hxg5 19. Bd4+ Nxd4 20. Qxd4+ Kh7
21. Nd5 Bh3+ 22. Ke2 Nd7 23. Rhg1 Qa4 24. Nb4 a5 25. fxg5 Qxb4 26. Qe3 Kg7 0-1

[Event "BL 1516 Bayern München - SG Solingen"]
[Site "?"]
[Date "2016.02.20"]
[Round "8.5"]
[White "Smeets, Jan"]
[Black "Belezky, Alexander"]
[Result "1-0"]
[WhiteElo "2602"]
[BlackElo "2452"]
[PlyCount "93"]
[EventDate "2016.??.??"]

1. e4 c5 2. Nf3 d6 3. d4 cxd4 4. Nxd4 Nf6 5. Nc3 g6 6. Be3 Bg7 7. f3 Nc6 8. Qd2
O-O 9. O-O-O Nxd4 10. Bxd4 Be6 11. Kb1 Qc7 12. Nd5 Bxd5 13. exd5 Rac8 14. Rc1
e5 15. dxe6 fxe6 16. Qe3 Rfe8 17. Bb5 Re7 18. c4 b6 19. Rhd1 Ne8 20. h4 Bxd4
21. Qxd4 Rd8 22. h5 gxh5 23. Rh1 Ng7 24. g4 Rf7 25. Ba4 e5 26. Qd5 Kh8 27. Bc2
Qb7 28. Qxb7 Rxb7 29. gxh5 Ne6 30. Be4 Rg7 31. Rcd1 Nd4 32. h6 Rg3 33. f4 Rg4
34. Rhf1 Rh4 35. Bd5 Rxh6 36. fxe5 dxe5 37. Rf7 a5 38. Re1 Rh5 39. a4 Nb3 40.
Rf6 Rb8 41. Rg1 h6 42. Rgg6 Nc5 43. Rf7 Re8 44. Rgg7 Ne6 45. Rh7+ Kg8 46. Re7
Kf8 47. Rhf7+ 1-0

[Event "BL 1516 Bayern München - SG Solingen"]
[Site "?"]
[Date "2016.02.20"]
[Round "8.6"]
[White "Stangl, Markus"]
[Black "Sandipan, Chanda"]
[Result "1/2-1/2"]
[WhiteElo "2435"]
[BlackElo "2583"]
[PlyCount "53"]
[EventDate "2016.??.??"]

1. c4 e6 2. g3 d5 3. Bg2 Nf6 4. Nf3 Be7 5. O-O O-O 6. d4 dxc4 7. Qc2 a6 8. a4
Bd7 9. Qxc4 Bc6 10. Bg5 Bd5 11. Qc2 Be4 12. Qb3 Nc6 13. Nc3 Bxf3 14. Bxf3 Nxd4
15. Qxb7 Nxf3+ 16. Qxf3 Nd5 17. Bxe7 Qxe7 18. Nxd5 exd5 19. Qxd5 Qxe2 20. Rac1
Rad8 21. Qc4 Qxb2 22. Qxa6 Ra8 23. Qc6 Qb6 24. Qxc7 Qxc7 25. Rxc7 Rxa4 26. Rd1
h5 27. h4 1/2-1/2

[Event "BL 1516 Bayern München - SG Solingen"]
[Site "?"]
[Date "2016.02.20"]
[Round "8.7"]
[White "Nikolic, Predrag"]
[Black "Meister, Peter"]
[Result "1-0"]
[WhiteElo "2618"]
[BlackElo "2369"]
[PlyCount "125"]
[EventDate "2016.??.??"]

1. d4 e6 2. c4 f5 3. Nf3 Nf6 4. h3 d5 5. Bf4 Bd6 6. e3 O-O 7. Nc3 a6 8. Rc1
Bxf4 9. exf4 Qd6 10. g3 dxc4 11. Bxc4 Nc6 12. O-O b5 13. Bb3 Na5 14. Bc2 Bb7
15. Re1 Rfe8 16. b3 Rad8 17. Re3 h6 18. Bd3 Qb6 19. Qe2 Nc6 20. Rxe6 Nxd4 21.
Nxd4 Qxd4 22. Bxf5 b4 23. Na4 Rxe6 24. Bxe6+ Kh8 25. Nc5 Ba8 26. h4 a5 27. h5
Qd2 28. Qxd2 Rxd2 29. Bh3 Bf3 30. Ne6 c6 31. Bg2 Bxh5 32. Bxc6 Rxa2 33. Bb5 Bg4
34. Nd4 Rd2 35. Nc6 Bd7 36. Bf1 Ne4 37. Ne5 Nc3 38. Nc4 Rd5 39. Re1 a4 40. bxa4
Bxa4 41. Nb2 Bd7 42. Ra1 g5 43. fxg5 hxg5 44. Ra7 Rd4 45. Rc7 Rd2 46. Nd3 Bf5
47. Nxb4 Ne4 48. Nd3 Rd1 49. Rc1 Rd2 50. Re1 Kg7 51. Re3 g4 52. Be2 Ng5 53. Nf4
Ra2 54. Kh2 Kh6 55. Nd5 Ra1 56. Nf6 Ra4 57. Ng8+ Kg7 58. Re5 Kxg8 59. Rxf5 Ne6
60. Rf6 Ng7 61. Kg2 Rd4 62. Rg6 Re4 63. Kf1 1-0

[Event "BL 1516 Bayern München - SG Solingen"]
[Site "?"]
[Date "2016.02.20"]
[Round "8.8"]
[White "Unzicker, Ferdinand"]
[Black "Naumann, Alexander"]
[Result "0-1"]
[WhiteElo "2311"]
[BlackElo "2545"]
[PlyCount "86"]
[EventDate "2016.??.??"]

1. d4 Nf6 2. c4 g6 3. Nc3 Bg7 4. e4 d6 5. f3 O-O 6. Be3 c6 7. Qd2 a6 8. O-O-O
b5 9. Bh6 Qa5 10. h4 e5 11. h5 Nbd7 12. hxg6 fxg6 13. Bxg7 Kxg7 14. Qh6+ Kg8
15. Nh3 Qd8 16. Ng5 Qe7 17. Be2 Re8 18. Rd2 Nf8 19. cxb5 axb5 20. Bd1 exd4 21.
Rxd4 Be6 22. Nxe6 Nxe6 23. Rd2 Nc5 24. b4 Qe5 25. Nb1 Ne6 26. Bb3 d5 27. Qh2
Nd4 28. Bxd5+ cxd5 29. Qxe5 Rxe5 30. Rxd4 Rxa2 31. g4 dxe4 32. f4 Rd5 33. Rhd1
Rxd4 34. Rxd4 e3 35. Rd6 Nxg4 36. Nc3 Ra1+ 37. Kc2 Rf1 38. Rd8+ Kf7 39. Rd7+
Ke6 40. Rxh7 Rf2+ 41. Kd3 Rd2+ 42. Ke4 e2 43. Nxe2 Nf6+ 0-1

[Event "BL 1516 OSG Baden Baden - SG Turm Trier"]
[Site "?"]
[Date "2016.02.20"]
[Round "8.1"]
[White "Erdos, Viktor"]
[Black "Adams, Michael"]
[Result "1/2-1/2"]
[WhiteElo "2613"]
[BlackElo "2744"]
[PlyCount "48"]
[EventDate "2016.??.??"]

1. Nf3 d5 2. g3 g6 3. Bg2 Bg7 4. c4 dxc4 5. Qa4+ Nc6 6. O-O e5 7. Nxe5 Bxe5 8.
Bxc6+ bxc6 9. Qxc6+ Bd7 10. Qe4 f6 11. f4 Bh3 12. fxe5 Bxf1 13. exf6+ Kf8 14.
Kxf1 Nxf6 15. Qxc4 Qd5 16. Qxd5 Nxd5 17. b3 Ke8 18. Bb2 Rf8+ 19. Kg1 Kd7 20.
Nc3 Nxc3 21. Bxc3 h5 22. Bd4 a6 23. Rc1 Rae8 24. Be3 Re6 1/2-1/2

[Event "BL 1516 OSG Baden Baden - SG Turm Trier"]
[Site "?"]
[Date "2016.02.20"]
[Round "8.2"]
[White "Wojtaszek, Radoslaw"]
[Black "Lupulescu, Constantin"]
[Result "1/2-1/2"]
[WhiteElo "2727"]
[BlackElo "2623"]
[PlyCount "63"]
[EventDate "2016.??.??"]

1. d4 Nf6 2. c4 e6 3. Nf3 d5 4. Nc3 Be7 5. Bg5 Nbd7 6. e3 h6 7. Bh4 O-O 8. Rc1
c5 9. dxc5 Nxc5 10. cxd5 g5 11. Bg3 Nxd5 12. Nxd5 Qxd5 13. Qxd5 exd5 14. Be2
Ne4 15. Nd4 Bb4+ 16. Kd1 Re8 17. Bb5 Re7 18. Ke2 Nxg3+ 19. hxg3 Kg7 20. a3 Ba5
21. Rxc8 Rxc8 22. Nf5+ Kf6 23. Bd3 Rh8 24. Nxe7 Kxe7 25. Bf5 Bc7 26. Rc1 Be5
27. Rc2 d4 28. exd4 Bxd4 29. Be4 b6 30. b4 Rd8 31. g4 Be5 32. Rd2 1/2-1/2

[Event "BL 1516 OSG Baden Baden - SG Turm Trier"]
[Site "?"]
[Date "2016.02.20"]
[Round "8.3"]
[White "Parligras, Mircea-Emilian"]
[Black "Svidler, Peter"]
[Result "0-1"]
[WhiteElo "2591"]
[BlackElo "2751"]
[PlyCount "70"]
[EventDate "2016.??.??"]

1. d4 Nf6 2. c4 g6 3. Nc3 d5 4. cxd5 Nxd5 5. e4 Nxc3 6. bxc3 Bg7 7. Nf3 c5 8.
Be3 Qa5 9. Qd2 O-O 10. Rc1 Nd7 11. d5 Nf6 12. c4 Qxd2+ 13. Nxd2 b6 14. h3 e6
15. Bd3 Re8 16. O-O Ba6 17. dxe6 Rxe6 18. Rfd1 Rd8 19. Be2 h5 20. f3 Ne8 21.
Kf2 Nd6 22. Nb3 Rde8 23. Bxc5 bxc5 24. Nxc5 Rf6 25. Ke1 Bc8 26. Rd5 Nb7 27.
Nxb7 Bxb7 28. Rd7 Rb8 29. c5 Bc6 30. Rxa7 Rb2 31. a4 Bh6 32. Rd1 Be3 33. Ra6
Bxc5 34. Rc1 Bb6 35. e5 Re6 0-1

[Event "BL 1516 OSG Baden Baden - SG Turm Trier"]
[Site "?"]
[Date "2016.02.20"]
[Round "8.4"]
[White "Kasimdzhanov, Rustam"]
[Black "Graf, Felix"]
[Result "0-1"]
[WhiteElo "2704"]
[BlackElo "2479"]
[PlyCount "107"]
[EventDate "2016.??.??"]

1. e4 e6 2. d4 d5 3. Nc3 Nf6 4. Bg5 Bb4 5. e5 h6 6. Bh4 g5 7. Bg3 Ne4 8. Nge2
c5 9. a3 Bxc3+ 10. Nxc3 Nxc3 11. bxc3 Qa5 12. Qd2 Nc6 13. dxc5 Qxc5 14. Bd3 Bd7
15. O-O Ne7 16. Kh1 Bb5 17. f4 Bxd3 18. cxd3 g4 19. f5 Nxf5 20. Rxf5 exf5 21.
Rf1 Qxa3 22. Qf4 Qe7 23. Qxf5 Qe6 24. Qf4 Rg8 25. Qb4 Qb6 26. e6 fxe6 27. Qa4+
Qc6 28. Qf4 O-O-O 29. Qe5 Rg5 30. Qb8+ Kd7 31. Qxa7 Rf5 32. Rb1 Ke8 33. h3 gxh3
34. Rb6 hxg2+ 35. Kxg2 Qc8 36. Bh4 Rd7 37. Rxe6+ Kf8 38. Rxh6 Rg7+ 39. Bg3 Kg8
40. Qe3 Rfg5 41. Rh3 R5g6 42. Qe5 Rg5 43. Qe3 Kf7 44. Qf4+ Rf5 45. Qb4 Qd7 46.
Qb2 Rf6 47. c4 b6 48. Qe5 Rf5 49. Qe2 Qe8 50. Qa2 Qe6 51. Qd2 Qc6 52. Kh2 dxc4
53. dxc4 Rf1 54. Qd1 0-1

[Event "BL 1516 OSG Baden Baden - SG Turm Trier"]
[Site "?"]
[Date "2016.02.20"]
[Round "8.5"]
[White "Haslinger, Stewart G"]
[Black "Bacrot, Etienne"]
[Result "1/2-1/2"]
[WhiteElo "2508"]
[BlackElo "2697"]
[PlyCount "45"]
[EventDate "2016.??.??"]

1. e4 e5 2. Nf3 Nc6 3. Bc4 Bc5 4. c3 Nf6 5. d3 O-O 6. Nbd2 a6 7. O-O d6 8. Bb3
h6 9. Re1 Be6 10. Nf1 Bxb3 11. Qxb3 Qd7 12. Be3 Bxe3 13. Nxe3 Rfe8 14. Nd5 Nxd5
15. exd5 Ne7 16. d4 Ng6 17. dxe5 dxe5 18. Qxb7 Reb8 19. Qc6 Qxc6 20. dxc6 Rxb2
21. Nxe5 Nxe5 22. Rxe5 Rb6 23. Rd1 1/2-1/2

[Event "BL 1516 OSG Baden Baden - SG Turm Trier"]
[Site "?"]
[Date "2016.02.20"]
[Round "8.6"]
[White "Naiditsch, Arkadij"]
[Black "Seger, Ruediger"]
[Result "1-0"]
[WhiteElo "2702"]
[BlackElo "2364"]
[PlyCount "95"]
[EventDate "2016.??.??"]

1. e4 c6 2. d4 d5 3. e5 Bf5 4. Nf3 e6 5. Be2 c5 6. Be3 cxd4 7. Nxd4 Ne7 8. c3
Nbc6 9. f4 Nxd4 10. cxd4 Nc6 11. O-O h5 12. Nc3 g6 13. Rc1 Be7 14. Na4 O-O 15.
h3 h4 16. Nc5 Na5 17. Qa4 b6 18. Nd7 Re8 19. b3 a6 20. Bd2 Nxb3 21. axb3 b5 22.
Bxb5 axb5 23. Qxb5 Ra2 24. Bb4 Kg7 25. Ra1 Rxa1 26. Rxa1 Bxb4 27. Nf6 Rh8 28.
Qxb4 Qb8 29. Qa4 Rc8 30. Qd7 Rf8 31. Qa4 Rc8 32. Nd7 Qc7 33. Nc5 Qe7 34. Qa7
Qxa7 35. Rxa7 Rb8 36. Kf2 g5 37. fxg5 Kg6 38. g3 Kxg5 39. gxh4+ Kxh4 40. Rxf7
Kxh3 41. Kf3 Rg8 42. Rf6 Rg3+ 43. Kf4 Rg4+ 44. Ke3 Rg3+ 45. Kd2 Kg4 46. b4 Rg1
47. Nxe6 Rb1 48. Ng7 1-0

[Event "BL 1516 OSG Baden Baden - SG Turm Trier"]
[Site "?"]
[Date "2016.02.20"]
[Round "8.7"]
[White "Kolbus, Dietmar"]
[Black "Nisipeanu, Liviu-Dieter"]
[Result "0-1"]
[WhiteElo "2304"]
[BlackElo "2679"]
[PlyCount "96"]
[EventDate "2016.??.??"]

1. Nf3 d5 2. c4 d4 3. b4 f6 4. e4 e5 5. a3 a5 6. b5 a4 7. d3 c6 8. Nbd2 Nh6 9.
Rb1 Bc5 10. Be2 Qe7 11. O-O O-O 12. Ne1 Bxa3 13. Bxa3 Qxa3 14. Nc2 Qd6 15. Qc1
Be6 16. Qa3 Qxa3 17. Nxa3 Nd7 18. Rb4 Nc5 19. Ra1 Nf7 20. Kf1 Nd6 21. Ke1 f5
22. f3 Rf6 23. bxc6 bxc6 24. Rab1 Rff8 25. Rb6 Rfc8 26. R6b2 Kf8 27. exf5 Bxf5
28. Ne4 Ndxe4 29. fxe4 Be6 30. Rb4 Ke7 31. R1b2 Kd6 32. Ra2 Rf8 33. Nb1 g5 34.
h3 g4 35. hxg4 Bxg4 36. Ra3 Bxe2 37. Kxe2 Rg8 38. Kf1 Raf8+ 39. Kg1 Rb8 40.
Rxb8 Rxb8 41. Nd2 Rb2 42. Nf3 Rb3 43. Ra2 a3 44. Kf1 Nxd3 45. Nd2 Rb2 46. Rxb2
Nxb2 47. Nb3 Nxc4 48. Ke2 c5 0-1